000 00655nam a22001937a 4500
003 MN-UlNLM
005 20210922153939.0
008 210922t1978 rur||||| |||| 00| 0 rus d
040 _aМонгол Улсын Үндэсний номын сан
084 1 _210-t
_a86
_bМ 266
_q84
100 1 _aГарсиа Маркес Г.
245 1 _aНезабываемый день в жизни Бальтасара
_bРассказы
_cПер. с исп. Р. Рыбкина
260 1 _aМ
_bПравда
_c1978
300 _a47с
_b16 см.
546 _aRussia
653 _aИспанийн уран зохиол
856 _aprintbook
999 _c588971
_d589028